Language Quiz

Random Language or Puzzle Quiz

Indo-European Counting Puzzle Quiz Stats

 Plays Quiz Updated Apr 24, 2018

Challenge
Share
Tweet
Score 0/36 Timer 19:00
1 Play Today
% Correct
quatro
80.5%
cinco
79.9%
três
77.6%
seis
73.8%
nove
71.3%
nentë
66.5%
65.2%
sete
65.2%
ocht
64.5%
aon
64.1%
shtatë
60.6%
dez
60.3%
katër
60%
um
59.2%
sechs
58.8%
septiņi
58.7%
siwen
58.5%
pesë
58.3%
% Correct
trīs
56.8%
zwee
56.5%
dräi
55.6%
paanch
55.6%
astoņi
55.5%
chaar
54.5%
seši
54.2%
saat
52.3%
cúig
52.1%
néng
51.8%
nau
51.4%
dhjetë
51.1%
eent
50.5%
zéng
49.9%
desmit
47.9%
45.7%
četri
44.9%
deich
33.1%

You're not logged in!

Compare scores with friends on all Sporcle quizzes.
Join for Free
OR
Log In

You Might Also Like...

Show Comments

Extras

Top Quizzes Today


Score Distribution

Your Account Isn't Verified!

In order to create a playlist on Sporcle, you need to verify the email address you used during registration. Go to your Sporcle Settings to finish the process.

Report this User

Report this user for behavior that violates our Community Guidelines.

Details: